Arquitectura bioclimática y urbanismo sostenible

Saved in:
Bibliografiske detaljer
Main Authors: Turégano Romero, José Antonio (Author), Velasco Callau, María del Carmen (Author), Martínez Gracia, Amaya (Author)
Format: Bog
Sprog:spansk
Udgivet: Zaragoza Prensas Universitarias de Zaragoza 2009
Udgivelse:1a. ed
Serier:Textos Docentes. Energías Renovables, 159
Fag:
Tags: Tilføj Tag
Ingen Tags, Vær først til at tagge denne postø!

MARC

LEADER 00000nam a2200000 a 4500
001 UCG0498
003 CL-VaPUC
008 100325e20090000SP |||||||||||||||||spa|d
020 |a 9788492774234v.1 
020 |a 9788492774692v.2 
082 0 4 |a 720.47  |b TUR  |2 21 
100 0 |a Turégano Romero, José Antonio  |e author  |9 547941 
700 0 |a Velasco Callau, María del Carmen  |e author  |9 547942 
700 0 |a Martínez Gracia, Amaya  |e author  |9 547943 
245 1 0 |a Arquitectura bioclimática y urbanismo sostenible 
250 |a 1a. ed 
300 |a v 
942 |c BK 
945 |d 20100325 00:00:00  |a cmena 
260 |a Zaragoza  |b Prensas Universitarias de Zaragoza  |c 2009 
650 0 |a Arquitectura y clima   |9 266461 
650 0 |a Desarrollo sustentable  |9 333905 
650 0 |a Urbanismo  |9 255208 
650 0 |a Protección del medio ambiente  |9 257626 
650 0 |a Diseño arquitectónico   |9 265271 
650 0 |a Energía renovable  |9 525460 
583 |a last modification  |c 20121217 09:35:06  |k Rodrigo Vera 
490 0 |a Textos Docentes. Energías Renovables, 159 
999 |c 340120  |d 340118 
952 |0 0  |1 0  |4 0  |6 720_470000000000000_TUR_2009  |7 0  |8 A  |9 434633  |a BIBARQ  |b BIBARQ  |d 2019-11-22  |h v.1  |i 4656830  |l 1  |o 720.47 TUR 2009  |p 4656830  |r 2025-01-20  |s 2023-05-09  |w 2019-11-22  |y BK  |k ARQ 
952 |0 0  |1 0  |4 0  |6 720_470000000000000_TUR_2009  |7 0  |8 A  |9 434634  |a BIBARQ  |b BIBARQ  |d 2019-11-22  |h v.2  |i 4656849  |l 1  |o 720.47 TUR 2009  |p 4656849  |r 2025-01-20  |s 2023-05-09  |w 2019-11-22  |y BK  |k ARQ